[Event "Mittelfranken-chT2b 1617"]
[Site "Mittelfranken"]
[Date "2017.01.22"]
[Round "5.7"]
[White "Schwegler, Benjamin"]
[Black "Strnad, Alfred"]
[Result "1/2-1/2"]
[WhiteElo "1695"]
[BlackElo "1818"]
[PlyCount "144"]
[EventDate "2016.10.23"]
[EventType "team-tourn"]
[EventRounds "9"]
[EventCountry "GER"]
[SourceTitle "EXT 2022"]
[Source "ChessBase"]
[SourceDate "2021.10.06"]
[SourceVersion "1"]
[SourceVersionDate "2021.10.06"]
[SourceQuality "1"]
[WhiteTeam "Nuernberg Zabo Eintracht II"]
[BlackTeam "Heideck/Hilpoltstein"]
[WhiteTeamCountry "GER"]
[BlackTeamCountry "GER"]

1. Nf3 Nf6 2. d3 d5 3. g3 g6 4. Bg2 Bg7 5. Nbd2 0-0 6. 0-0 c6 7. Re1 Bg4 8. h3 Bd7 9. Nf1 Na6 10. e4 dxe4 11. dxe4 Qc8 12. h4 Rd8 13. Qe2 Bh3 14. c3 Nc5 15. Bxh3 Qxh3 16. Ng5 Qd7 17. Qc4 Ne6 18. Nxe6 fxe6 19. Bd2 b5 20. Qb3 c5 21. Rad1 c4 22. Qc2 Qc6 23. Bg5 Rf8 24. Nh2 Rf7 25. Re2 Nd7 26. Ng4 h5 27. Ne3 Ne5 28. Ng2 Kh7 29. Nf4 Raf8 30. Kg2 Bh6 31. Bxh6 Kxh6 32. Qd2 Kh7 33. Nh3 Nf3 34. Ng5+ Nxg5 35. Qxg5 a5 36. Rd4 Qb6 37. Qd2 e5 38. Rd5 e6 39. Rd6 Rxf2+ 40. Rxf2 Rxf2+ 41. Qxf2 Qxd6 42. Qa7+ Kh6 43. Qe3+ Kg7 44. Qa7+ Kf6 45. Qe3 b4 46. cxb4 axb4 47. Qf2+ Ke7 48. Qa7+ Kd8 49. Qa8+ Kc7 50. Qa7+ Kc6 51. Qa6+ Kc5 52. Qa7+ Qb6 53. Qe7+ Kb5 54. Qe8+ Qc6 55. Qb8+ Ka6 56. Qxb4 Qxe4+ 57. Kf2 Qd4+ 58. Kf1 Qd3+ 59. Kf2 Qc2+ 60. Ke3 Qd3+ 61. Kf2 e4 62. Qa4+ Kb6 63. Qb4+ Kc6 64. Qa4+ Kd6 65. Qb4+ Ke5 66. Qb8+ Kf6 67. Qf8+ Ke5 68. Qb8+ Kd5 69. Qd8+ Kc6 70. Qc8+ Kb5 71. Qb7+ Kc5 72. Qc7+ Kb5 1/2-1/2

[Event "Mittelfranken-chT2b 1617"]
[Site "Mittelfranken"]
[Date "2016.12.11"]
[Round "4.7"]
[White "Balhar, Michael"]
[Black "Schwegler, Benjamin"]
[Result "1/2-1/2"]
[WhiteElo "1705"]
[BlackElo "1695"]
[PlyCount "82"]
[EventDate "2016.10.23"]
[EventType "team-tourn"]
[EventRounds "9"]
[EventCountry "GER"]
[SourceTitle "EXT 2022"]
[Source "ChessBase"]
[SourceDate "2021.10.06"]
[SourceVersion "1"]
[SourceVersionDate "2021.10.06"]
[SourceQuality "1"]
[WhiteTeam "Erlangen SC III"]
[BlackTeam "Nuernberg Zabo Eintracht II"]
[WhiteTeamCountry "GER"]
[BlackTeamCountry "GER"]

1. e4 c5 2. Nf3 Nc6 3. Bb5 Qb6 4. Nc3 e6 5. 0-0 Be7 6. Re1 d6 7. d4 cxd4 8. Nxd4 Bd7 9. Be3 Qc7 10. Be2 a6 11. f4 Nf6 12. Bf3 0-0 13. Nxc6 Bxc6 14. Bf2 Rfd8 15. Qe2 d5 16. e5 Nd7 17. a3 Rac8 18. Rad1 b5 19. Nb1 Bb7 20. Rc1 Qc4 21. Qxc4 Rxc4 22. g3 Rdc8 23. c3 R4c7 24. Nd2 Nc5 25. Bxc5 Bxc5+ 26. Kg2 a5 27. Nb3 Bb6 28. Red1 h6 29. Nd4 b4 30. Nb5 Be3 31. Nxc7 Bxc1 32. Rxc1 Rxc7 33. axb4 axb4 34. c4 Ba6 35. c5 b3 36. Rc3 Bc4 37. Bd1 Rxc5 38. Bxb3 Rb5 39. Bxc4 dxc4 40. Rc2 Rb3 41. Kf2 Kf8 1/2-1/2

[Event "Nuremberg Zabo op 13th"]
[Site "Nuremberg"]
[Date "2011.09.17"]
[Round "2"]
[White "Mueller, Roland2222"]
[Black "Schwegler, Benjamin"]
[Result "1/2-1/2"]
[WhiteElo "1547"]
[BlackElo "1617"]
[PlyCount "95"]
[EventDate "2011.09.16"]
[EventType "swiss"]
[EventRounds "5"]
[EventCountry "GER"]
[SourceTitle "EXT 2013"]
[Source "ChessBase"]
[SourceDate "2012.11.22"]
[SourceVersion "1"]
[SourceVersionDate "2012.11.22"]
[SourceQuality "1"]

1. b3 e5 2. Bb2 Nc6 3. c4 Nf6 4. a3 Be7 5. d3 d6 6. Nd2 0-0 7. e3 Be6 8. Ngf3 h6 9. Be2 Qd7 10. 0-0 Bf5 11. b4 e4 12. dxe4 Nxe4 13. Nxe4 Bxe4 14. Bd3 Qg4 15. Bxe4 Qxe4 16. Qe2 Qg6 17. Rad1 Nd8 18. Qd3 Qxd3 19. Rxd3 Ne6 20. Rfd1 a5 21. b5 Nc5 22. R3d2 Rfe8 23. Kh1 Rad8 24. Ne1 b6 25. Nd3 Ne4 26. Rc2 Bf6 27. Bxf6 Nxf6 28. Nf4 Rd7 29. Nd5 Ne4 30. f3 Nc5 31. Kg1 f5 32. Kf2 Kf7 33. Kg3 g5 34. h4 Kg6 35. h5+ Kf7 36. Kh3 Ne6 37. g4 fxg4+ 38. fxg4 Kg7 39. Rf2 Rf8 40. Rdf1 Rdf7 41. Rf5 Rd7 42. Kg3 Rxf5 43. gxf5 Nc5 44. f6+ Kf7 45. Kg4 Ne4 46. Kh3 Nd2 47. Rc1 Ke6 48. e4 1/2-1/2

[Event "Nuremberg Zabo op 10th"]
[Site "Nuremberg"]
[Date "2008.09.20"]
[Round "2"]
[White "Schwegler, Benjamin"]
[Black "Walter, Manfred"]
[Result "1/2-1/2"]
[WhiteElo "1482"]
[BlackElo "1698"]
[PlyCount "76"]
[EventDate "2008.09.19"]
[EventType "swiss"]
[EventRounds "5"]
[EventCountry "GER"]
[SourceTitle "EXT 2012"]
[Source "ChessBase"]
[SourceDate "2011.11.24"]
[SourceVersion "1"]
[SourceVersionDate "2011.11.24"]
[SourceQuality "1"]

1. f4 d5 2. Nf3 Bf5 3. e3 e6 4. b3 Be7 5. Bb2 Bf6 6. d4 c5 7. Nbd2 Nc6 8. Ne5 cxd4 9. exd4 Nge7 10. Ndf3 Qc7 11. Qd2 Ng6 12. Be2 Be7 13. Rc1 Bb4 14. c3 Bd6 15. 0-0 Nxf4 16. c4 Nxe2+ 17. Qxe2 0-0 18. cxd5 exd5 19. Qb5 Be4 20. Nxc6 bxc6 21. Qxc6 Rac8 22. Qa6 Qb8 23. Ba3 Bxa3 24. Qxa3 Qb6 25. Qb2 f6 26. Nh4 Qe6 27. Qd2 Rxc1 28. Rxc1 Rc8 29. Rxc8+ Qxc8 30. Nf3 Qc2 31. Qxc2 Bxc2 32. Ne1 Bb1 33. a3 Kf7 34. Kf2 Ke6 35. Ke3 g5 36. b4 Ba2 37. Nd3 Bc4 38. Nc5+ Kf5 1/2-1/2

[Event "Nuremberg Zabo op 08th"]
[Site "Nuremberg"]
[Date "2006.09.24"]
[Round "5"]
[White "Klein, Markus1111"]
[Black "Schwegler, Benjamin"]
[Result "1-0"]
[WhiteElo "1622"]
[BlackElo "1310"]
[PlyCount "83"]
[EventDate "2006.09.22"]
[EventType "swiss"]
[EventRounds "5"]
[EventCountry "GER"]
[SourceTitle "EXT 2018"]
[Source "ChessBase"]
[SourceDate "2017.10.13"]
[SourceVersion "1"]
[SourceVersionDate "2017.10.13"]
[SourceQuality "1"]

1. d4 g6 2. Nf3 Bg7 3. Bg5 d5 4. c4 c6 5. Qb3 Nf6 6. Nc3 e6 7. e3 Nbd7 8. Be2 Qc7 9. Rc1 0-0 10. 0-0 Qd6 11. Bf4 Qe7 12. h3 b6 13. Rfd1 Bb7 14. cxd5 cxd5 15. Nb5 Ne4 16. Rc7 Bc8 17. Ne5 Bxe5 18. Bxe5 f6 19. Bh2 Ba6 20. f3 Ng5 21. Bd6 Qd8 22. Rxa7 Bxb5 23. Rxa8 Qxa8 24. Bxb5 Rd8 25. Rc1 Nf7 26. Rc7 Nxd6 27. Rxd7 Nxb5 28. Rxd8+ Qxd8 29. Qxb5 Qd6 30. Qb3 Kg7 31. a4 h5 32. Qc3 g5 33. b4 f5 34. a5 Kf6 35. a6 b5 36. a7 Qa6 37. Qc5 Qa1+ 38. Kh2 h4 39. Qf8+ Kg6 40. a8Q Qe1 41. Qae8+ Kh7 42. Qh5# 1-0

[Event "Mittelfranken-ch QT 55th"]
[Site "Postbauer"]
[Date "2006.04.14"]
[Round "5"]
[White "Schwegler, Benjamin"]
[Black "Riess, Michael"]
[Result "1/2-1/2"]
[WhiteElo "1316"]
[BlackElo "1432"]
[PlyCount "28"]
[EventDate "2006.04.12"]
[EventType "swiss"]
[EventRounds "7"]
[EventCountry "GER"]
[SourceTitle "EXT 2015"]
[Source "ChessBase"]
[SourceDate "2014.11.20"]
[SourceVersion "1"]
[SourceVersionDate "2014.11.20"]
[SourceQuality "1"]

1. f4 Nf6 2. Nf3 d5 3. e3 Bg4 4. b3 e6 5. Bb2 Nbd7 6. d3 Be7 7. Nbd2 Bxf3 8. Nxf3 h6 9. Be2 Bb4+ 10. c3 Bc5 11. d4 Bd6 12. 0-0 c5 13. c4 dxc4 14. Bxc4 0-0 1/2-1/2

[Event "Mittelfranken Mitte-ch 0506"]
[Site "Zirndorf"]
[Date "2006.01.08"]
[Round "4"]
[White "Szatala, Erich"]
[Black "Schwegler, Benjamin"]
[Result "1-0"]
[WhiteElo "1429"]
[BlackElo "1225"]
[PlyCount "91"]
[EventDate "2006.01.06"]
[EventType "swiss"]
[EventRounds "7"]
[EventCountry "GER"]
[SourceTitle "EXT 2015"]
[Source "ChessBase"]
[SourceDate "2014.11.20"]
[SourceVersion "1"]
[SourceVersionDate "2014.11.20"]
[SourceQuality "1"]

1. e4 c5 2. Nf3 d6 3. d4 cxd4 4. Nxd4 e5 5. Nf3 Nc6 6. Nc3 Be6 7. Be3 Be7 8. a3 Nf6 9. Be2 0-0 10. h3 a6 11. g4 Qc7 12. g5 Nd7 13. Nd5 Bxd5 14. exd5 Nd8 15. Nh4 f6 16. Nf5 Re8 17. Nxe7+ Rxe7 18. h4 Nf7 19. Bg4 fxg5 20. Be6 gxh4 21. Rxh4 Rf8 22. Qd3 g6 23. Bh6 Rfe8 24. Bg5 Rxe6 25. dxe6 Nxg5 26. exd7 Qxd7 27. Qd5+ Qe6 28. Qxb7 Re7 29. Qg2 Qf5 30. 0-0-0 Rc7 31. Qd5+ Nf7 32. Qd2 Ng5 33. Qe2 Rc6 34. Rc4 Rb6 35. Qe3 Nf7 36. Qxb6 Qg5+ 37. Kb1 Qh5 38. Rc1 Qe2 39. Rc8+ Kg7 40. Qe3 Qg4 41. Rc7 Qf5 42. Qd2 Kf6 43. Rh1 h5 44. Qd5 Ng5 45. Qxd6+ Ne6 46. Qe7# 1-0

[Event "Mittelfranken Mitte-ch 0506"]
[Site "Zirndorf"]
[Date "2006.01.07"]
[Round "3"]
[White "Schwegler, Benjamin"]
[Black "Chen, Yilun"]
[Result "1-0"]
[WhiteElo "1225"]
[BlackElo "777"]
[PlyCount "117"]
[EventDate "2006.01.06"]
[EventType "swiss"]
[EventRounds "7"]
[EventCountry "GER"]
[SourceTitle "EXT 2015"]
[Source "ChessBase"]
[SourceDate "2014.11.20"]
[SourceVersion "1"]
[SourceVersionDate "2014.11.20"]
[SourceQuality "1"]

1. f4 d5 2. b3 Bf5 3. Nf3 Nc6 4. e3 e6 5. Bb5 a6 6. Bxc6+ bxc6 7. d3 Bb4+ 8. Nbd2 Bc3 9. Rb1 Nf6 10. 0-0 0-0 11. Kh1 c5 12. Ba3 Bb4 13. Bb2 Bg4 14. Qc1 c4 15. bxc4 dxc4 16. Nxc4 Bxf3 17. Rxf3 Nd5 18. Rg3 Bc3 19. e4 Bxb2 20. Qxb2 Qf6 21. exd5 Qxb2 22. Rxb2 exd5 23. Ne3 c6 24. Nf5 g6 25. Ne7+ Kh8 26. Nxc6 Rfe8 27. h3 Re1+ 28. Kh2 Rf1 29. Rb4 Re8 30. Ne5 f6 31. Nf3 a5 32. Rb2 Kg7 33. h4 Rc1 34. Rh3 Re2 35. Nd4 Rf2 36. Rf3 Rxf3 37. Nxf3 h6 38. Nd4 g5 39. Rb7+ Kg6 40. hxg5 hxg5 41. f5+ Kh5 42. Ra7 g4 43. Rxa5 Kg5 44. g3 Kh6 45. Rxd5 Kg7 46. a4 Kf7 47. a5 Ra1 48. Nb3 Ra2 49. Rc5 Ke7 50. Kg2 Kd6 51. Kf2 Rxc2+ 52. Rxc2 Kd5 53. Rc5+ Kd6 54. a6 Ke7 55. a7 Kd6 56. a8Q Ke7 57. Qe4+ Kf7 58. Rc7+ Kf8 59. Qa8# 1-0

[Event "Mittelfranken Mitte-ch 0506"]
[Site "Zirndorf"]
[Date "2006.01.06"]
[Round "2"]
[White "Narr, Irmgard"]
[Black "Schwegler, Benjamin"]
[Result "1-0"]
[WhiteElo "1412"]
[BlackElo "1225"]
[PlyCount "73"]
[EventDate "2006.01.06"]
[EventType "swiss"]
[EventRounds "7"]
[EventCountry "GER"]
[SourceTitle "EXT 2015"]
[Source "ChessBase"]
[SourceDate "2014.11.20"]
[SourceVersion "1"]
[SourceVersionDate "2014.11.20"]
[SourceQuality "1"]

1. e4 c5 2. d4 cxd4 3. Qxd4 Nc6 4. Qd3 e6 5. Nf3 Nf6 6. Bd2 d5 7. e5 Nd7 8. Bf4 Qc7 9. Qe2 Qa5+ 10. c3 Qc7 11. Nbd2 f6 12. g3 fxe5 13. Be3 Be7 14. Bh3 Nb6 15. Ng5 Nd8 16. Qh5+ g6 17. Qe2 0-0 18. 0-0 d4 19. cxd4 exd4 20. Rac1 Nc6 21. Bxe6+ Kg7 22. Bxc8 Qxc8 23. Bxd4+ Nxd4 24. Qxe7+ Kh6 25. Rxc8 Raxc8 26. h4 Ne2+ 27. Qxe2 Rce8 28. Qd3 Rd8 29. Qe3 Rde8 30. Nf7+ Kg7 31. Ne5 Nd7 32. Ndc4 b5 33. Qxa7 Re7 34. Nxd7 Rd8 35. Qd4+ Kh6 36. Qf4+ Kg7 37. Qf6+ 1-0

[Event "Nuremberg Zabo op 07th"]
[Site "Nuremberg"]
[Date "2005.09.24"]
[Round "2"]
[White "Schwegler, Benjamin"]
[Black "Wittmann, Norbert"]
[Result "0-1"]
[WhiteElo "1213"]
[BlackElo "1582"]
[PlyCount "44"]
[EventDate "2005.09.23"]
[EventType "swiss"]
[EventRounds "5"]
[EventCountry "GER"]
[SourceTitle "EXT 2012"]
[Source "ChessBase"]
[SourceDate "2011.11.24"]
[SourceVersion "1"]
[SourceVersionDate "2011.11.24"]
[SourceQuality "1"]

1. d4 Nf6 2. Nf3 d5 3. Bf4 c5 4. Nbd2 Nc6 5. e3 Bg4 6. c3 e6 7. Bd3 c4 8. Bc2 Be7 9. 0-0 h5 10. Re1 Nh7 11. h3 g5 12. hxg4 gxf4 13. exf4 hxg4 14. Nh2 Qc7 15. g3 0-0-0 16. f5 Bd6 17. fxe6 Bxg3 18. fxg3 Qxg3+ 19. Kf1 fxe6 20. Nxg4 Rdf8+ 21. Nf3 Rxf3+ 22. Ke2 Qg2+ 0-1

[Event "Nuremberg Zabo op 07th"]
[Site "Nuremberg"]
[Date "2005.09.23"]
[Round "1"]
[White "Holland, Arthur"]
[Black "Schwegler, Benjamin"]
[Result "1-0"]
[WhiteElo "1759"]
[BlackElo "1213"]
[PlyCount "91"]
[EventDate "2005.09.23"]
[EventType "swiss"]
[EventRounds "5"]
[EventCountry "GER"]
[SourceTitle "EXT 2012"]
[Source "ChessBase"]
[SourceDate "2011.11.24"]
[SourceVersion "1"]
[SourceVersionDate "2011.11.24"]
[SourceQuality "1"]

1. e4 c5 2. Nf3 g6 3. d4 cxd4 4. Qxd4 Nf6 5. e5 Nc6 6. Qa4 Nd5 7. Qe4 Nb6 8. Bd3 Bg7 9. 0-0 0-0 10. Nc3 Qc7 11. Nb5 Qb8 12. Bf4 a6 13. Nc3 d6 14. exd6 exd6 15. Qe3 Qc7 16. Bxd6 Qxd6 17. Qxb6 Re8 18. Ne4 Qf4 19. Rfe1 Rb8 20. Nf6+ Bxf6 21. Rxe8+ Kg7 22. Qc5 Kh6 23. Rae1 Be6 24. Rxb8 Nxb8 25. b3 Nd7 26. Qe3 Qxe3 27. Rxe3 b5 28. c4 bxc4 29. Bxc4 Nc5 30. Bxe6 Nxe6 31. Ne5 Kg7 32. g3 g5 33. b4 h6 34. Nc6 Kg6 35. Ra3 Nc7 36. Ra5 Bc3 37. Rc5 Nb5 38. a4 Bxb4 39. Nxb4 Na7 40. Nxa6 Kf6 41. Rc7 Ke6 42. Rxa7 Kd6 43. Rc7 f5 44. Rc2 Kd5 45. Nc7+ Kd6 46. a5 1-0